Devinez la Capitale Mystère #137 - Statistiques

Statistiques générales
  • Ce quiz a été pris 102 fois
  • Le résultat moyen est 33 sur 35
Statistiques - réponses
Type de Réponse Réponse % Correct
Lettre Trouvée A
100%
Lettre Trouvée E
100%
Lettre de l'Alphabet I
100%
Lettre Trouvée L
100%
Lettre de l'Alphabet R
100%
Lettre Bien Placée A
99%
Lettre de l'Alphabet M
99%
Lettre de l'Alphabet B
98%
Lettre de l'Alphabet D
98%
Lettre Bien Placée L
98%
Lettre Trouvée N
98%
Lettre de l'Alphabet O
98%
Lettre de l'Alphabet P
98%
Lettre de l'Alphabet S
98%
Lettre de l'Alphabet T
98%
Lettre Bien Placée A
96%
Lettre de l'Alphabet C
96%
Lettre de l'Alphabet K
96%
Lettre Bien Placée A
95%
Lettre de l'Alphabet U
95%
Lettre Trouvée V
95%
Lettre Bien Placée E
94%
Lettre de l'Alphabet G
94%
Lettre Trouvée H
94%
Lettre Bien Placée N
94%
Lettre de l'Alphabet W
94%
Lettre de l'Alphabet Y
94%
Lettre de l'Alphabet F
93%
Lettre de l'Alphabet J
93%
Lettre de l'Alphabet Z
93%
Lettre Bien Placée H
91%
Capitale Mystère La Havane
91%
Lettre de l'Alphabet Q
91%
Lettre Bien Placée V
91%
Lettre de l'Alphabet X
91%
Aucun quiz correspondant
Distribution des résultats
% des personnes avec chaque résultat
Percentile par nombre de réponses
Votre historique - résultats
Vous n’avez pas pris ce quiz